MDQL
is popping MORE tags! Check the
thread
!
Quizzes
Events
Quiz Creation
Community
Videos
Private Events
Remove Ads
Sign In
Join for FREE
Feedback
Dark Mode
Quiz Categories
Sports
Geography
Music
Movies
Television
Just For Fun
Miscellaneous
History
Literature
Language
Science
Gaming
Entertainment
Religion
Holiday
For Kids
Quiz Lab
Recent
Popular Today
Quiz Kudos Today
Editor Picks
Curator Picks
Quizzes by...
Day
Popularity
Type
Ratings
Length
Year
Community
Subscriptions
Recent Discussions
Orange Saloon
Badges
Playlists
Quests
Create
Leaderboards
Showdown
Live 5
Trivia Bingo
Activity
Puzzle Library
Sporcle Events
Private Events
Virtual Trivia
Globe League
Become a Host
Pub Owners
SporcleCon
Opinionation
Our Games
Videos
Blog
Mobile Apps
Partnerships
Remove Ads and Go Orange
Feedback
Television
TV Characters
TV Show
Sitcom
Network
Friends
Reality Shows
Cast
South Park
Star Trek
The Simpsons
Doctor Who
Television
TV Characters
TV Show
Sitcom
Network
Friends
Reality Shows
Cast
South Park
Star Trek
The Simpsons
Doctor Who
Random Quiz
Search Sporcle
×
Quiz Lab
Quiz Lab
Television
thomas
Type in answers that appear in a list
Type in answers that appear in a list
Classic
Best Score? Go Orange.
Thomas and Friends Diabolical Diesels Stats
Can you name the Thomas and Friends Diabolical Diesels?
By
trainstuff1011
2m
18 Questions
812 Plays
812 Plays
812 Plays
Comments
Comments
Give Quiz Kudos
Give Quiz Kudos
-
- Ratings
hide this ad
Replay
Link that replays current quiz
Next Quiz
Link to next quiz in quiz playlist
You Got
0%
They Got
Avg Score
81%
Avg Friend Score
Upgrade to see
Score Distribution
Jump to the score distribution portion of the page
Score
0/18
Timer
02:00
0
Plays Today
Clues to their identity
Type your answer below
% Correct
First ever Diesel engine
Diesel
98.6%
Cobo Diesel engine
Boco
90.5%
Diesel railcar
Daisy
88%
Twin diesels at the Ironworks
'Arry and Bert
86.2%
Dieselworks blue, orange and white diesel
Den
85.7%
Diesel leader
Diesel 10
85.6%
Dennis's 'twin'
Norman
84.8%
Twin diesels that betrayed Diesel 10
Splatter and Dodge
83.7%
Narrow Gauge diesel
Rusty
83.4%
Clues to their identity
Type your answer below
% Correct
Dieselworks red and yellow diesel
Dart
81.6%
Worked at the Quarry, then the Docks
Salty
81.5%
Woks at Ffarquar Quarry
Mavis
80.9%
Forgetful Diesel
Sidney
80.4%
Norman's 'twin'
Dennis
79.9%
Green Class 08 diesel shunter with yellow stripes
Paxton
79.7%
'Beat' Gordon in a race
Philip
66.7%
Engine in the shunting competition
Ivan
65.1%
Electric Diesel shunter
Stafford
65%
Quiz Playlist
Details
Report
Send in Message
Add To Playlist
Classic:
Type in answers that appear in a list
Last Updated: Feb 16, 2017
Quiz Scoreboard
CHALLENGE
Sign Up to Join the Scoreboard
Show All
Scores
Hide
Comments
May contain spoilers
Recently Published
Two Season TV Shows II
by 123Four
Television
10m
Image Sorting: Flags VI
by Barbecue
Geography
2m
Find the 'City' Movie
by crazypaving
Movies
60s
More to Explore
Quiz From the Vault
Featured Blog Post
14 Easter Pick-up Lines to Find Eggs With
hide this ad
You Might Also Like...
Tags
diesel
thomas
Today's Top Quizzes in Television
Browse Television
hide this ad
Today's Top Quizzes in thomas
Browse thomas
Top Contributed Quizzes in Television
1
Survivor Journey Challenge
2
Brooklyn Nine Nine Logic Puzzle (How-To-Play)
3
Adjectives in 00s TV Shows
4
Total Drama Characters
5
Survivor Logic Puzzle: Heroes vs. Villains
6
Phoebe Buffay Quotes
7
Survivor Heroes vs. Villains Logic Puzzle
8
Survivor Trivia
9
Emmerdale Characters (from August 2012)
10
Adjectives in 10s TV Shows
Explore More
Trending Topics
NBA
Disney
Crossword
Harry Potter
Marvel
Kpop
Anime
Puzzle
Pokémon
NFL
WWE
The Office
Song
Soccer
Country
hide this ad
More By:
trainstuff1011
Quiz
Plays
Rating
Category
Featured
Created
Tricky Harry Potter Logic Puzzle
15,269
4.44
Literature
Oct 13, 2018
A Harry Potter Logic Puzzle 2
13,725
4.62
Literature
Nov 15, 2018
Harry Potter Hogwarts Students Logic Puzzle
11,561
3.65
Literature
Nov 10, 2018
Harry Potter Relatives Logic Puzzle
10,023
4.21
Literature
Oct 18, 2018
A Harry Potter Logic Puzzle
9,275
4.42
Literature
Oct 3, 2018
Go to Creator's Profile
Score Distribution
Quiz Creator Spotlight
trainstuff1011
Follow
Send a Message
Quizzes Created
-
Created Quiz Play Count
-
More By This Creator
Popular Quizzes Today
1
Colored Red Africa Blitz
2
Find the US States - No Outlines Minefield
3
Find the 'City' Movie
4
5x2 Blitz: Bands
5
The Countries of the World
6
Find the US States
7
Find the Countries of Europe - No Outlines Minefield
8
US States
More Television Quizzes
Hazbin Hotel (TV Show) Poster
Quiz Lab
Trending Quizzes
Colored Red Europe Blitz I
Colored Red Africa Blitz II
Colored Red Europe Blitz II
Colored Red Africa Blitz III
Colored Red Europe Blitz III
Recently Updated
How Do You Spell That?
pecheneg
Godzilla Movies
pecheneg
Grab Bag: 4-10 Letters
pecheneg
2024 March Madness Bracket
pecheneg
Famous TV Couples
Peacemaker
Champions League XIs: Real Madrid
pecheneg
Largest US Cities 1790-2010
pecheneg
Rides in Walt Disney World
pecheneg
Most Oscar Losses (Acting)
pecheneg
Beyoncé Albums
pecheneg
Trending Topics
Harry Potter
Disney
NBA
Kpop
Marvel
Anime
Crossword
NFL
Soccer
WWE
The Office
Puzzle
Song
Pokémon
Country
Your Account Isn't Verified!
In order to create a playlist on Sporcle, you need to verify the email address you used during registration. Go to your
Sporcle Settings
to finish the process.
Report this User
Report this user for behavior that violates our
Community Guidelines
.
Details:
Send Report
Go to the Sporcle.com Mobile Site →
Comments